Sermones panegyricos de los santos más celebrados en la iglesia (Record no. 8435)

MARC details
000 -CABECERA
campo de control de longitud fija 01954nam a2200265 a 4500
001 - NÚMERO DE CONTROL
campo de control BRCA_8784
005 - FECHA Y HORA DE LA ÚLTIMA TRANSACCIÓN
campo de control 20190320210417.0
008 - DATOS DE LONGITUD FIJA--INFORMACIÓN GENERAL
campo de control de longitud fija 170417s1785----sp-#######---#000-0#spa-#
041 ## - CÓDIGO DE LENGUA
Código de lengua del texto/banda sonora o título independiente spa
044 ## - CÓDIGO DEL PAÍS DE LA ENTIDAD EDITORA/PRODUCTORA
Código MARC del país sp
084 ## - OTRO NÚMERO DE CLASIFICACIÓN
Número de clasificación BE163
Número de documento/Ítem .S46 1785
100 1# - ENTRADA PRINCIPAL--NOMBRE DE PERSONA
Nombre de persona Senault, Juan Francisco
9 (RLIN) 21895
245 10 - MENCIÓN DE TÍTULO
Título Sermones panegyricos de los santos más celebrados en la iglesia
Mención de responsabilidad, etc. compuestos por el R.P. Juan Francisco Senault, prebistero del Oratorio de Jesús de la Corte de París; traducidos del francés al castellano por el R. P. Fr. Isidro Antonio Hurtado...
260 ## - PUBLICACIÓN, DISTRIBUCIÓN, ETC.
Lugar de publicación, distribución, etc. Madrid
Nombre del editor, distribuidor, etc. Por Blas Román
Fecha de publicación, distribución, etc. 1785
300 ## - DESCRIPCIÓN FÍSICA
Extensión [2], 366p. (t.4)
Dimensiones 21.2 x 15 cm.
500 ## - NOTA GENERAL
Nota general Estado físico: presenta encuadernación en pergamino, con lomo semi desprendido y deteriorado, y algunas hojas manchadas
500 ## - NOTA GENERAL
Nota general Con marca de fuego: “Procedencia de la marca: Convento de San Francisco de México, D.F. (1). Institución: Orden de Frailes Menores. Provincia del Santo Evangelio de México. Descripción: Abreviatura que se desata como S[an] Fran[cis]co d[e] Mex[ico]. Observaciones: Rafael Sala y Carlos Krausse la catalogan como perteneciente al Convento de San Francisco de la Ciudad de México, D.F. ----- El ejemplar de la biblioteca José María Lafragua contiene un ex-libris en guarda volante posterior que dice: ´Ex Bibliotheca Magni Mexicani Conbentus S. P. N. S. Francisci´. Ubicación de la marca en el libro: Canto superior”
505 0# - NOTA DE CONTENIDO CON FORMATO
Nota de contenido con formato Contiene: con una tabla de los pensamientos, y materias contenidas respectivamente en cada tomo, para uso de los predicadores, hecha por el autor de la obra, y acomodada por el traductor
650 14 - PUNTO DE ACCESO ADICIONAL DE MATERIA--TÉRMINO DE MATERIA
Término de materia o nombre geográfico como elemento de entrada Panegíricos
Subdivisión cronológica S. XVIII
9 (RLIN) 21896
700 1# - PUNTO DE ACCESO ADICIONAL--NOMBRE DE PERSONA
Nombre de persona Hurtado, Isisdro Antonio
Término indicativo de función/relación tr.
9 (RLIN) 21897
700 1# - PUNTO DE ACCESO ADICIONAL--NOMBRE DE PERSONA
Nombre de persona Blas, Román
Término indicativo de función/relación Impresor
9 (RLIN) 21898
856 ## - LOCALIZACIÓN Y ACCESO ELECTRÓNICOS
Nombre del host http://www.marcasdefuego.buap.mx:8180/xmLibris/projects/firebrand/item.jsp?repository=marcas_de_fuego&key=92346a45.xml&num=62
902 ## - CATALOGADOR
Iniciales CFM
942 ## - ELEMENTOS DE PUNTO DE ACCESO ADICIONAL (KOHA)
Fuente del sistema de clasificación o colocación Library of Congress Classification
Tipo de ítem Koha Libros
Holdings
Estado de retiro Estado de pérdida Estado dañado No para préstamo Localización permanente Ubicación/localización actual Fecha de adquisición Total de préstamos Signatura topográfica completa Código de barras Fecha visto por última vez Precio válido a partir de Tipo de ítem Koha
El ejemplar forma parte de la colección y puede ser consultado según las políticas vigentes.       Biblioteca del Museo Franz Mayer (Rogerio Casas-Alatriste) Biblioteca del Museo Franz Mayer (Rogerio Casas-Alatriste) 17/04/2017   BE163 .S46 1785 CFM00111 22/03/2019 22/03/2019 Libros